000
00344pab a2200157 454500
008
180718b2002 xxu||||| |||| 00| 0 eng d
100
_a
Sengupta, Jayashree
245
_a
A realistic budget
260
_c
2002
300
_a
p.7-8,14.
362
_a
Apr
650
_a
Budget - India
650
_a
Budget
773
_a
Yojana
909
_a
51898
999
_c
51898
_d
51898